[Event "US Open-112"]
[Site "Orlando"]
[Date "2011.08.04"]
[Round "4"]
[White "Adams, Nick A"]
[Black "Kaufman, Larry C"]
[Result "0-1"]
[WhiteElo "2240"]
[BlackElo "2406"]
[PlyCount "148"]
[EventDate "2011.07.30"]
[EventType "swiss"]
[EventRounds "9"]
[EventCountry "USA"]
[SourceTitle "CBM 143 Extra"]
[Source "ChessBase"]
[SourceDate "2011.08.29"]
[SourceVersion "1"]
[SourceVersionDate "2011.08.29"]
[SourceQuality "1"]

1. c4 g6 2. Nc3 c5 3. Nf3 Bg7 4. e3 Nf6 5. d4 0-0 6. Be2 d5 7. 0-0 cxd4 8. exd4 Nc6 9. cxd5 Nxd5 10. h3 Be6 11. Re1 Rc8 12. Bg5 h6 13. Be3 Qa5 14. Qd2 Kh7 15. a3 Nxc3 16. bxc3 Rfd8 17. Rab1 Rd7 18. Qb2 Nd8 19. Bd2 Bc4 20. Bd1 Nc6 21. Bf4 e6 22. h4 Ne7 23. h5 Bd3 24. Rc1 Nd5 25. hxg6+ Bxg6 26. Bd2 Qb6 27. Qa1 Rdc7 28. Be2 Qd6 29. c4 Nf4 30. c5 Nxe2+ 31. Rxe2 Qa6 32. Rce1 Rxc5 33. Ne5 Bxe5 34. Rxe5 Rxe5 35. Rxe5 Qd3 36. Be3 Rc3 37. a4 Rb3 38. Kh2 Rb1 39. Qa2 Be4 40. Qd2 Rh1+ 41. Kg3 Qxd2 42. Bxd2 Bc6 43. a5 Rg1 44. f3 Rd1 45. Be3 Ra1 46. Rh5 Bd5 47. Bd2 Ra2 48. Be1 Kg6 49. Rh1 Ra1 50. Kf2 h5 51. Rg1 Ra2+ 52. Ke3 Ra3+ 53. Kf2 Rd3 54. Bb4 Rxd4 55. Rb1 Rc4 56. Rb2 h4 57. Bd2 Ra4 58. Bb4 Ra1 59. Bc3 Rd1 60. Ke2 Rh1 61. Ke3 h3 62. gxh3 Rxh3 63. Rf2 b6 64. axb6 axb6 65. Kf4 f6 66. Kg4 Rh1 67. Kf4 b5 68. Ke3 Kf5 69. f4 Rh3+ 70. Kd2 Be4 71. Ba5 Ra3 72. Bc7 b4 73. Kd1 Ra1+ 74. Kd2 Ra2+ 0-1

[Event "Budapest FS11 IM"]
[Site "Budapest"]
[Date "2010.11.17"]
[Round "11"]
[White "Lyell, Mark"]
[Black "Adams, Nick A"]
[Result "0-1"]
[WhiteElo "2210"]
[BlackElo "2277"]
[PlyCount "80"]
[EventDate "2010.11.06"]
[EventType "tourn"]
[EventRounds "11"]
[EventCountry "HUN"]
[EventCategory "2"]
[SourceTitle "EXT 2011"]
[Source "ChessBase"]
[SourceDate "2010.11.26"]
[SourceVersion "1"]
[SourceVersionDate "2010.11.26"]
[SourceQuality "1"]

1. e4 c6 2. Ne2 d5 3. e5 c5 4. b4 cxb4 5. d4 Nc6 6. a3 Bf5 7. Ng3 Bg6 8. axb4 Nxb4 9. Bb5+ Nc6 10. c4 e6 11. Qa4 Qd7 12. cxd5 exd5 13. 0-0 a6 14. f4 f5 15. Re1 Rc8 16. Bd3 Nxd4 17. Be3 Qxa4 18. Rxa4 Ne6 19. Bxf5 Bxf5 20. Nxf5 g6 21. Nd4 Nxd4 22. Rxd4 Bc5 23. Rxd5 Bxe3+ 24. Rxe3 Rc1+ 25. Kf2 Ne7 26. Nc3 Nxd5 27. Nxd5 Kf7 28. g4 Ke6 29. Nf6 h5 30. gxh5 gxh5 31. Kg3 Kf5 32. Nd5 Rd1 33. Nc3 Rd4 34. Ne2 Rd2 35. Kf3 h4 36. h3 Rhd8 37. e6 Re8 38. Re4 Rd3+ 39. Re3 Rxe3+ 40. Kxe3 Rxe6+ 0-1

[Event "Budapest FS08 IM-A"]
[Site "Budapest"]
[Date "2010.08.11"]
[Round "5"]
[White "Adams, Nick A"]
[Black "Hardicsay, Peter"]
[Result "1/2-1/2"]
[WhiteElo "2244"]
[BlackElo "2271"]
[PlyCount "59"]
[EventDate "2010.08.07"]
[EventType "tourn"]
[EventRounds "9"]
[EventCountry "HUN"]
[SourceTitle "CBM 137 Extra"]
[Source "ChessBase"]
[SourceDate "2010.09.01"]
[SourceVersion "1"]
[SourceVersionDate "2010.09.01"]
[SourceQuality "1"]

1. c4 Nf6 2. Nc3 c5 3. g3 g6 4. Bg2 Bg7 5. e4 Nc6 6. Nge2 0-0 7. 0-0 d6 8. d3 a6 9. h3 Rb8 10. a4 Ne8 11. Be3 Nd4 12. Rc1 Bd7 13. b3 Nc7 14. Nd5 Nxe2+ 15. Qxe2 Ne6 16. Qa2 Nd4 17. a5 Bc6 18. Nb6 e6 19. Rb1 Qe7 20. f4 f5 21. Kh1 Kh8 22. Qd2 Rbd8 23. Rf2 Qc7 24. b4 fxe4 25. dxe4 e5 26. Bxd4 cxd4 27. b5 Bd7 28. Qd3 exf4 29. gxf4 Qc5 30. Nd5 1/2-1/2

[Event "Budapest FS04 IM"]
[Site "Budapest"]
[Date "2010.04.09"]
[Round "7"]
[White "Tran, Tuan Minh"]
[Black "Adams, Nick A"]
[Result "0-1"]
[WhiteElo "2203"]
[BlackElo "2246"]
[PlyCount "78"]
[EventDate "2010.04.03"]
[EventType "tourn"]
[EventRounds "11"]
[EventCountry "HUN"]
[SourceTitle "CBM 135 Extra"]
[Source "ChessBase"]
[SourceDate "2010.05.04"]
[SourceVersion "1"]
[SourceVersionDate "2010.05.04"]
[SourceQuality "1"]

1. d4 d5 2. c4 e6 3. Nc3 c5 4. cxd5 exd5 5. Nf3 Nc6 6. g3 Nf6 7. Bg2 Bg4 8. Be3 cxd4 9. Nxd4 Be7 10. 0-0 0-0 11. Qd2 Qd7 12. Rfd1 Rfe8 13. Nxc6 bxc6 14. Rac1 Bb4 15. a3 Ba5 16. b4 Bb6 17. Bxb6 axb6 18. Qb2 b5 19. Rd2 Bf5 20. e3 Be4 21. Nxe4 Nxe4 22. Bxe4 Rxe4 23. Qb3 h5 24. f3 Rc4 25. Re1 h4 26. Kg2 h3+ 27. Kf2 Qa7 28. Rd3 d4 29. exd4 Rxd4 30. Rde3 Rd2+ 31. R1e2 Rad8 32. Ke1 Qd4 33. Re8+ Rxe8 34. Rxe8+ Kh7 35. Qe3 Qxe3+ 36. Rxe3 Rxh2 37. Kf1 Rh1+ 38. Kf2 Ra1 39. Re4 g5 0-1

[Event "Budapest FS04 IM"]
[Site "Budapest"]
[Date "2010.04.08"]
[Round "6"]
[White "Adams, Nick A"]
[Black "Lengyel, Bela"]
[Result "1-0"]
[WhiteElo "2246"]
[BlackElo "2267"]
[PlyCount "75"]
[EventDate "2010.04.03"]
[EventType "tourn"]
[EventRounds "11"]
[EventCountry "HUN"]
[SourceTitle "CBM 135 Extra"]
[Source "ChessBase"]
[SourceDate "2010.05.04"]
[SourceVersion "1"]
[SourceVersionDate "2010.05.04"]
[SourceQuality "1"]

1. c4 e5 2. Nc3 Nf6 3. Nf3 Nc6 4. e4 Bb4 5. d3 d6 6. g3 Bc5 7. Bg2 Nd4 8. Nxd4 Bxd4 9. h3 Be6 10. f4 c6 11. f5 Bd7 12. g4 h6 13. Bf3 Qb6 14. Kf1 Be3 15. Kg2 Ke7 16. b3 Bxc1 17. Rxc1 g6 18. c5 Qb4 19. cxd6+ Qxd6 20. Qc2 gxf5 21. exf5 Nd5 22. Nxd5+ cxd5 23. Qc7 Qxc7 24. Rxc7 Rhc8 25. Rxb7 Rc2+ 26. Kg3 Kd6 27. Bxd5 Bxf5 28. gxf5 Kxd5 29. Rd7+ Kc6 30. Rxf7 Rg8+ 31. Kf3 Rgg2 32. Rf1 h5 33. f6 Kd5 34. Rd7+ Ke6 35. f7 h4 36. f8N+ Kf6 37. Ke3+ Kg5 38. Rg7+ 1-0

[Event "Budapest FS04 IM"]
[Site "Budapest"]
[Date "2010.04.04"]
[Round "2"]
[White "Adams, Nick A"]
[Black "Farago, Sandor"]
[Result "0-1"]
[WhiteElo "2246"]
[BlackElo "2256"]
[PlyCount "48"]
[EventDate "2010.04.03"]
[EventType "tourn"]
[EventRounds "11"]
[EventCountry "HUN"]
[SourceTitle "CBM 135 Extra"]
[Source "ChessBase"]
[SourceDate "2010.05.04"]
[SourceVersion "1"]
[SourceVersionDate "2010.05.04"]
[SourceQuality "1"]

1. c4 Nf6 2. Nc3 c5 3. g3 Nc6 4. Bg2 g6 5. e4 Bg7 6. Nge2 d6 7. d3 0-0 8. a3 Rb8 9. Rb1 a6 10. b4 cxb4 11. axb4 b5 12. cxb5 axb5 13. d4 e5 14. d5 Nd4 15. Nxd4 exd4 16. Ne2 Re8 17. f3 Nxd5 18. exd5 Bf5 19. Rb3 Rc8 20. Rb2 d3 21. Ra2 dxe2 22. Rxe2 Rxe2+ 23. Kxe2 Rc2+ 24. Kf1 Qb6 0-1

[Event "Budapest FS12 IM"]
[Site "Budapest"]
[Date "2009.12.11"]
[Round "7"]
[White "Adams, Nick A"]
[Black "Turzo, Attila"]
[Result "0-1"]
[WhiteElo "2236"]
[BlackElo "2276"]
[PlyCount "56"]
[EventDate "2009.12.05"]
[EventType "tourn"]
[EventRounds "11"]
[EventCountry "HUN"]
[EventCategory "2"]
[SourceTitle "CBM 133 Extra"]
[Source "ChessBase"]
[SourceDate "2010.01.05"]
[SourceVersion "1"]
[SourceVersionDate "2010.01.05"]
[SourceQuality "1"]

1. c4 c6 2. d4 d5 3. Nf3 Nf6 4. Nc3 a6 5. Qb3 e6 6. Bg5 h6 7. Bh4 Nbd7 8. e3 Be7 9. Bd3 0-0 10. cxd5 exd5 11. h3 Re8 12. Bg3 c5 13. dxc5 Nxc5 14. Qc2 Nfe4 15. Rd1 Nxd3+ 16. Qxd3 Nxg3 17. fxg3 Qc7 18. g4 Bc5 19. Nxd5 Qg3+ 20. Kf1 Be6 21. Nc3 Bxe3 22. Ne4 Qf4 23. Re1 Bc4 24. Qxc4 Rxe4 25. Qc2 Rae8 26. Re2 Rc4 27. Qf5 Rc1+ 28. Re1 Qc4+ 0-1

[Event "Budapest FS10 IM-A"]
[Site "Budapest"]
[Date "2009.10.06"]
[Round "4"]
[White "Adams, Nick A"]
[Black "Roberts, Paul"]
[Result "1/2-1/2"]
[WhiteElo "2221"]
[BlackElo "2193"]
[PlyCount "71"]
[EventDate "2009.10.03"]
[EventType "tourn"]
[EventRounds "9"]
[EventCountry "HUN"]
[EventCategory "1"]
[SourceTitle "CBM 132 Extra"]
[Source "ChessBase"]
[SourceDate "2009.11.03"]
[SourceVersion "1"]
[SourceVersionDate "2009.11.03"]
[SourceQuality "1"]

1. c4 e5 2. Nc3 Nf6 3. Nf3 Nc6 4. e4 Bb4 5. d3 d6 6. g3 0-0 7. Bg2 Nd4 8. a3 Nxf3+ 9. Bxf3 Bc5 10. 0-0 a5 11. Bg2 Bg4 12. Qc2 Qd7 13. Kh1 Bh3 14. Bg5 Bxg2+ 15. Kxg2 Ne8 16. Be3 b6 17. Nd5 a4 18. Qe2 Rb8 19. Rac1 f5 20. f4 fxe4 21. fxe5 dxe5 22. Rxf8+ Bxf8 23. dxe4 Nd6 24. Bd2 c6 25. Nc3 b5 26. cxb5 cxb5 27. Nd5 Nc4 28. Bc3 Re8 29. Rd1 Qc8 30. Rf1 Bc5 31. Qh5 Bd4 32. Rf7 Ne3+ 33. Nxe3 Bxe3 34. Rf3 g6 35. Qh4 Bd4 36. Qg5 1/2-1/2

[Event "Budapest FS10 IM-A"]
[Site "Budapest"]
[Date "2009.10.05"]
[Round "3"]
[White "Kahn, Evarth"]
[Black "Adams, Nick A"]
[Result "0-1"]
[WhiteElo "2245"]
[BlackElo "2221"]
[PlyCount "58"]
[EventDate "2009.10.03"]
[EventType "tourn"]
[EventRounds "9"]
[EventCountry "HUN"]
[EventCategory "1"]
[SourceTitle "CBM 132 Extra"]
[Source "ChessBase"]
[SourceDate "2009.11.03"]
[SourceVersion "1"]
[SourceVersionDate "2009.11.03"]
[SourceQuality "1"]

1. e4 e5 2. Nc3 Nc6 3. f4 exf4 4. Nf3 g5 5. h3 Bg7 6. d4 h6 7. Bc4 d6 8. 0-0 Nge7 9. Re1 0-0 10. d5 Ne5 11. Nxe5 Bxe5 12. Qh5 Kg7 13. Ne2 Ng8 14. Qf3 f5 15. exf5 Bxf5 16. Bd3 Qf6 17. Bxf5 Qxf5 18. Bd2 Rae8 19. Bc3 Nf6 20. Nd4 Bxd4+ 21. Bxd4 Kg6 22. c4 a6 23. Qb3 Ne4 24. Rad1 f3 25. Rf1 f2+ 26. Kh1 h5 27. Rd3 h4 28. Qxb7 Ng3+ 29. Rxg3 hxg3 0-1

[Event "Budapest FS10 IM-A"]
[Site "Budapest"]
[Date "2009.10.03"]
[Round "1"]
[White "Adams, Nick A"]
[Black "Le, Thanh Tu"]
[Result "1/2-1/2"]
[WhiteElo "2221"]
[BlackElo "2305"]
[PlyCount "67"]
[EventDate "2009.10.03"]
[EventType "tourn"]
[EventRounds "9"]
[EventCountry "HUN"]
[EventCategory "1"]
[SourceTitle "CBM 132 Extra"]
[Source "ChessBase"]
[SourceDate "2009.11.03"]
[SourceVersion "1"]
[SourceVersionDate "2009.11.03"]
[SourceQuality "1"]

1. c4 e5 2. Nc3 Nf6 3. Nf3 Nc6 4. g3 d5 5. cxd5 Nxd5 6. Bg2 Nb6 7. 0-0 Be7 8. a3 Be6 9. b4 a6 10. Rb1 0-0 11. d3 f6 12. Bb2 Rb8 13. Rc1 Qe8 14. Ne4 Qf7 15. Nfd2 Bd5 16. Nc5 Bxc5 17. Rxc5 Bxg2 18. Kxg2 Rfd8 19. Rc1 a5 20. bxa5 Nxa5 21. Qc2 Nc6 22. Ne4 Ra8 23. Nc5 Nd4 24. Bxd4 Rxd4 25. Kg1 Ra7 26. Nb3 Rd7 27. Nc5 Rd6 28. Ne4 Rc6 29. Qb2 Na4 30. Qb1 Rb6 31. Qc2 Rc6 32. Qb1 Rb6 33. Qc2 Rc6 34. Qb1 1/2-1/2

[Event "US Open-110"]
[Site "Indianapolis"]
[Date "2009.08.08"]
[Round "8"]
[White "Molner, Mackenzie"]
[Black "Adams, Nick A"]
[Result "1/2-1/2"]
[WhiteElo "2393"]
[BlackElo "2211"]
[PlyCount "41"]
[EventDate "2009.08.01"]
[EventType "swiss"]
[EventRounds "9"]
[EventCountry "USA"]
[SourceTitle "CBM 131 Extra"]
[Source "ChessBase"]
[SourceDate "2009.09.03"]
[SourceVersion "2"]
[SourceVersionDate "2009.09.16"]
[SourceQuality "1"]

1. e4 e5 2. Nf3 Nc6 3. Bc4 Bc5 4. b4 Bb6 5. a4 a6 6. Nc3 d6 7. Nd5 Ba7 8. d3 h6 9. Be3 Nf6 10. c3 Nxd5 11. Bxd5 Ne7 12. Bb3 0-0 13. 0-0 Ng6 14. Nd2 Be6 15. Bxe6 fxe6 16. Bxa7 Rxa7 17. g3 Ra8 18. Qg4 Qf6 19. Nc4 Kh7 20. Ne3 Ne7 21. Rad1 1/2-1/2

[Event "US Open-110"]
[Site "Indianapolis"]
[Date "2009.08.05"]
[Round "5"]
[White "Yermolinsky, Alex"]
[Black "Adams, Nick A"]
[Result "1-0"]
[WhiteElo "2527"]
[BlackElo "2211"]
[PlyCount "123"]
[EventDate "2009.08.01"]
[EventType "swiss"]
[EventRounds "9"]
[EventCountry "USA"]
[SourceTitle "CBM 131 Extra"]
[Source "ChessBase"]
[SourceDate "2009.09.03"]
[SourceVersion "2"]
[SourceVersionDate "2009.09.16"]
[SourceQuality "1"]

1. Nf3 d5 2. d4 e6 3. c4 c5 4. cxd5 exd5 5. g3 Nc6 6. Bg2 Nf6 7. 0-0 cxd4 8. Nxd4 Be7 9. Nxc6 bxc6 10. Qc2 Bd7 11. Be3 0-0 12. Nd2 Qc8 13. Rfc1 Re8 14. Nb3 Bd8 15. Bd4 Ne4 16. e3 Bb6 17. Nd2 Ng5 18. Nf3 Nxf3+ 19. Bxf3 Bxd4 20. exd4 Qd8 21. Re1 Qb6 22. Qc3 h6 23. b3 Rxe1+ 24. Rxe1 Re8 25. Rxe8+ Bxe8 26. Qc5 Qxc5 27. dxc5 Kf8 28. Kf1 Ke7 29. Ke2 f6 30. Kd3 Kd7 31. b4 Bg6+ 32. Kc3 Be8 33. Be2 Kc7 34. a4 Bd7 35. Bd3 Be8 36. Kd4 Bf7 37. f4 Be6 38. b5 Bf7 39. a5 cxb5 40. Bxb5 Be6 41. Be8 Kb7 42. Bg6 Kc7 43. f5 Bg8 44. h3 Kd7 45. Bh5 Kc7 46. Be8 Kb7 47. Bd7 Bf7 48. Be6 Be8 49. Kxd5 Kc7 50. Bg8 Bd7 51. Bh7 Bc8 52. h4 Bd7 53. Bg6 Bc8 54. c6 Ba6 55. Ke6 Bc4+ 56. Ke7 Kxc6 57. Kf8 Kb5 58. Kxg7 Kxa5 59. Kxf6 Kb4 60. Kg7 a5 61. f6 a4 62. f7 1-0

[Event "Budapest FS07 IM-B"]
[Site "Budapest"]
[Date "2009.07.14"]
[Round "11"]
[White "Adams, Nick A"]
[Black "Admiraal, Miguoel"]
[Result "1/2-1/2"]
[WhiteElo "2211"]
[BlackElo "2173"]
[PlyCount "39"]
[EventDate "2009.07.04"]
[EventType "tourn"]
[EventRounds "11"]
[EventCountry "HUN"]
[EventCategory "1"]
[SourceTitle "CBM 131 Extra"]
[Source "ChessBase"]
[SourceDate "2009.09.03"]
[SourceVersion "2"]
[SourceVersionDate "2009.09.16"]
[SourceQuality "1"]

1. d4 d5 2. c4 c6 3. Nc3 Nf6 4. e3 g5 5. Nf3 Bg7 6. Be2 0-0 7. 0-0 dxc4 8. Bxc4 Bg4 9. h3 Bxf3 10. Qxf3 Nbd7 11. Rd1 e5 12. d5 e4 13. Nxe4 Nxe4 14. Qxe4 Nb6 15. Bb3 cxd5 16. Bxd5 Nxd5 17. Rxd5 Qb6 18. Qd3 Rad8 19. e4 Bd4 20. Be3 1/2-1/2

[Event "Budapest FS07 IM-B"]
[Site "Budapest"]
[Date "2009.07.11"]
[Round "8"]
[White "Kahn, Evarth"]
[Black "Adams, Nick A"]
[Result "1/2-1/2"]
[WhiteElo "2281"]
[BlackElo "2211"]
[PlyCount "36"]
[EventDate "2009.07.04"]
[EventType "tourn"]
[EventRounds "11"]
[EventCountry "HUN"]
[EventCategory "1"]
[SourceTitle "CBM 131 Extra"]
[Source "ChessBase"]
[SourceDate "2009.09.03"]
[SourceVersion "2"]
[SourceVersionDate "2009.09.16"]
[SourceQuality "1"]

1. d4 d5 2. c4 e6 3. Nc3 Nf6 4. Bg5 Be7 5. e3 0-0 6. Nf3 c6 7. Qc2 Nbd7 8. Rc1 h6 9. Bxf6 Nxf6 10. cxd5 exd5 11. Be2 Re8 12. 0-0 Be6 13. Ne5 Nd7 14. Nxd7 Qxd7 15. a3 Bf5 16. Bd3 Bxd3 17. Qxd3 Bd6 18. h3 Re6 1/2-1/2

[Event "Budapest FS12 IM"]
[Site "Budapest"]
[Date "2008.12.11"]
[Round "6"]
[White "Adams, Nick A"]
[Black "Yatzenko, Anton"]
[Result "1/2-1/2"]
[WhiteElo "2205"]
[BlackElo "2267"]
[PlyCount "111"]
[EventDate "2008.12.06"]
[EventType "tourn"]
[EventRounds "13"]
[EventCountry "HUN"]
[EventCategory "1"]
[SourceTitle "CBM 127 Extra"]
[Source "ChessBase"]
[SourceDate "2009.01.08"]
[SourceVersion "2"]
[SourceVersionDate "2009.01.28"]
[SourceQuality "1"]

1. d4 Nf6 2. c4 e6 3. Nc3 Bb4 4. e3 0-0 5. Bd3 d5 6. cxd5 exd5 7. a3 Bd6 8. Nge2 Re8 9. Nb5 Bf8 10. Nf4 a6 11. Nc3 c5 12. dxc5 d4 13. Na4 dxe3 14. Bxe3 Ng4 15. Be2 Nxe3 16. Qxd8 Nc2+ 17. Kd2 Rxd8+ 18. Kxc2 Nc6 19. Bd3 Nd4+ 20. Kc3 g6 21. Nb6 Rb8 22. b4 Bg7 23. Nfd5 Be6 24. Bc4 Nf3+ 25. Kc2 Bf5+ 26. Kc1 Bxa1 27. Ne7+ Kf8 28. Nxf5 Ne5 29. Nd6 Bd4 30. f4 Be3+ 31. Kc2 Nxc4 32. Nbxc4 Bxf4 33. Nxf7 Kxf7 34. Rf1 Ke6 35. Rxf4 Rf8 36. Rh4 h5 37. Re4+ Kf6 38. Nd6 Rfd8 39. Rd4 Rd7 40. Kc3 Re7 41. Ne4+ Kg7 42. Kc4 Rf8 43. a4 Rf1 44. b5 Ra1 45. Kd5 axb5 46. axb5 Kh6 47. Kd6 Rf7 48. h4 Rb1 49. b6 Rb2 50. g3 Re2 51. Rb4 Rc2 52. Ke6 Rf5 53. Kd6 Rf7 54. Rd4 Re2 55. Ke6 Rf5 56. Kd6 1/2-1/2

[Event "Budapest FS12 IM"]
[Site "Budapest"]
[Date "2008.12.07"]
[Round "2"]
[White "Adams, Nick A"]
[Black "Stigar, Petter"]
[Result "0-1"]
[WhiteElo "2205"]
[BlackElo "2299"]
[PlyCount "42"]
[EventDate "2008.12.06"]
[EventType "tourn"]
[EventRounds "13"]
[EventCountry "HUN"]
[EventCategory "1"]
[SourceTitle "CBM 127 Extra"]
[Source "ChessBase"]
[SourceDate "2009.01.08"]
[SourceVersion "2"]
[SourceVersionDate "2009.01.28"]
[SourceQuality "1"]

1. c4 e6 2. Nc3 d5 3. d4 Nf6 4. cxd5 exd5 5. Bg5 Be7 6. e3 Nbd7 7. Bd3 0-0 8. Qc2 Re8 9. Nf3 Nf8 10. h3 c6 11. Bf4 Be6 12. g4 Qa5 13. Kf1 Rac8 14. Kg2 c5 15. dxc5 Qxc5 16. Rhc1 Ng6 17. Bg3 Bd6 18. Nb5 Qb6 19. Qa4 Bxg3 20. Kxg3 Ne4+ 21. Kg2 Nf4+ 0-1

[Event "Budapest FS12 IM"]
[Site "Budapest"]
[Date "2008.12.06"]
[Round "1"]
[White "Kislik, Erik Andrew"]
[Black "Adams, Nick A"]
[Result "1-0"]
[WhiteElo "2278"]
[BlackElo "2205"]
[PlyCount "73"]
[EventDate "2008.12.06"]
[EventType "tourn"]
[EventRounds "13"]
[EventCountry "HUN"]
[EventCategory "1"]
[SourceTitle "CBM 127 Extra"]
[Source "ChessBase"]
[SourceDate "2009.01.08"]
[SourceVersion "2"]
[SourceVersionDate "2009.01.28"]
[SourceQuality "1"]

1. e4 c6 2. d4 d5 3. e5 c5 4. dxc5 Nc6 5. Nf3 e6 6. Bd3 Bxc5 7. 0-0 f6 8. Qe2 fxe5 9. Nxe5 Nf6 10. Bf4 0-0 11. Nd2 Bd7 12. Rae1 Nd4 13. Qd1 Be8 14. Be3 Bb6 15. c3 Nc6 16. Nxc6 bxc6 17. Nb3 Qd6 18. Bd4 Bh5 19. Be2 Bg6 20. Bd3 Bh5 21. Qb1 Ng4 22. g3 Nf6 23. Be5 Qd7 24. h3 Qf7 25. Qc2 Bf3 26. Nd2 Bh5 27. Kg2 Bg6 28. Bxg6 hxg6 29. f4 Rfe8 30. Nf3 Nd7 31. g4 Nf8 32. Bd6 Nd7 33. Ne5 Nxe5 34. fxe5 Qb7 35. Qxg6 c5 36. Kg3 Bc7 37. Rf7 1-0